000 00344nam a2200133Ia 4500
008 230411s9999 xx 000 0 und d
041 _aeng
082 _aAD/363.728/CHA/B02513
100 _aChandorkar AG
245 _aHospital Waste Management
260 _bParas Publishing
_aHyderabad
_c2003
300 _a152p
999 _c153697
_d153697